Mathematics by Letter - C - Statistics

General Stats
  • This quiz has been taken 39 times
  • The average score is 9 of 15
Answer Stats
Hint Answer % Correct
Equal to one hundredth of a metre centimetre
97%
Perimeter of a circle circumference
91%
3D shape with six square faces cube
91%
Branch of mathematics invented independently by Newton and Leibniz calculus
89%
e.g 5+2i complex number
71%
Reciprocal of tan(x) cotangent
66%
The number multiplying a variable in an expression coefficient
54%
Standard coordinate system with x and y-axes {Cartesian} coordinates
51%
Whole numbers that follow each other consecutive
51%
Circles around the same point {concentric} circles
49%
Line segment joining two points on a curve chord
46%
Property that means a * b = b * a commutativity
46%
Way of multiplying two vectors which yields a perpendicular vector cross product
43%
Three or more points on a straight line are described as this collinear
34%
When two numbers have no common factors other than 1 coprime
34%
No matching quizzes found
Score Distribution
Percent of People with Each Score
Percentile by Number Answered
Your Score History
You have not taken this quiz